[Event "2nd Easter 4NCL Congress"]
[Site "Daventry"]
[Date "2022.04.16"]
[Round "3"]
[Board "22"]
[White "Johnson, Paul A"]
[Black "Varley, Joe"]
[Result "1/2-1/2"]
[WhiteElo "1868"]
[BlackElo "2008"]
[PlyCount "0"]
[EventDate "2022.04.15"]
[EventRounds "7"]
[EventCountry "ENG"]

1. d4 {[%clk 01:30:53]} {[%emt 00:00:05]} Nf6 {[%clk 01:30:53]} {[%emt
00:00:08]} 2. c4 {[%clk 01:31:04]} {[%emt 00:00:18]} g6 {[%clk 01:31:17]}
{[%emt 00:00:06]} 3. Nc3 {[%clk 01:31:16]} {[%emt 00:00:17]} d5 {[%clk
01:31:42]} {[%emt 00:00:07]} 4. cxd5 {[%clk 01:31:27]} {[%emt 00:00:18]} Nxd5
{[%clk 01:32:05]} {[%emt 00:00:08]} 5. e4 {[%clk 01:31:44]} {[%emt 00:00:12]}
Nxc3 {[%clk 01:32:30]} {[%emt 00:00:06]} 6. bxc3 {[%clk 01:32:04]} {[%emt
00:00:08]} Bg7 {[%clk 01:32:48]} {[%emt 00:00:13]} 7. Bc4 {[%clk 01:32:12]}
{[%emt 00:00:22]} c5 {[%clk 01:33:11]} {[%emt 00:00:08]} 8. Ne2 {[%clk
01:32:09]} {[%emt 00:00:32]} O-O {[%clk 01:33:31]} {[%emt 00:00:10]} 9. O-O
{[%clk 01:32:14]} {[%emt 00:00:25]} Nc6 {[%clk 01:33:56]} {[%emt 00:00:06]} 10.
Be3 {[%clk 01:32:23]} {[%emt 00:00:20]} b6 {[%clk 01:34:19]} {[%emt 00:00:08]}
11. Qd2 {[%clk 01:31:43]} {[%emt 00:01:10]} Bb7 {[%clk 01:34:25]} {[%emt
00:00:25]} 12. f3 {[%clk 01:30:55]} {[%emt 00:01:17]} Rc8 {[%clk 01:33:38]}
{[%emt 00:01:17]} 13. Rac1 {[%clk 01:31:00]} {[%emt 00:00:24]} e6 {[%clk
01:33:14]} {[%emt 00:00:55]} 14. Rfd1 {[%clk 01:30:24]} {[%emt 00:01:06]} Qc7
{[%clk 01:31:44]} {[%emt 00:01:59]} 15. Qb2 {[%clk 01:26:14]} {[%emt 00:04:40]}
Rfd8 {[%clk 01:28:32]} {[%emt 00:03:42]} 16. Kh1 {[%clk 01:21:21]} {[%emt
00:05:23]} h6 {[%clk 01:24:13]} {[%emt 00:04:50]} 17. Bd3 {[%clk 01:02:51]}
{[%emt 00:19:01]} Qe7 {[%clk 01:22:35]} {[%emt 00:02:08]} 18. Bf2 {[%clk
00:56:44]} {[%emt 00:06:37]} Rd7 {[%clk 01:21:25]} {[%emt 00:01:40]} 19. e5
{[%clk 00:53:57]} {[%emt 00:03:17]} Rcd8 {[%clk 01:18:28]} {[%emt 00:03:27]} 20.
Bc2 {[%clk 00:53:33]} {[%emt 00:00:54]} Na5 {[%clk 01:16:31]} {[%emt 00:02:28]}
21. Ba4 {[%clk 00:50:11]} {[%emt 00:03:51]} Rc7 {[%clk 01:15:45]} {[%emt
00:01:16]} 22. Ng3 {[%clk 00:43:20]} {[%emt 00:07:21]} Nc4 {[%clk 01:14:00]}
{[%emt 00:02:15]} 23. Qb1 {[%clk 00:41:15]} {[%emt 00:02:35]} Bd5 {[%clk
01:12:12]} {[%emt 00:02:18]} 24. Ne4 {[%clk 00:38:28]} {[%emt 00:03:17]} Bxe4
{[%clk 01:04:44]} {[%emt 00:07:58]} 25. fxe4 {[%clk 00:38:27]} {[%emt
00:00:30]} Qg5 {[%clk 01:03:34]} {[%emt 00:01:40]} 26. Qc2 {[%clk 00:27:39]}
{[%emt 00:11:19]} Rdc8 {[%clk 01:01:05]} {[%emt 00:02:59]} 27. Qe2 {[%clk
00:26:30]} {[%emt 00:01:38]} Na5 {[%clk 00:57:38]} {[%emt 00:03:58]} 28. Be3
{[%clk 00:24:51]} {[%emt 00:02:09]} Qh4 {[%clk 00:57:28]} {[%emt 00:00:40]} 29.
Bf2 {[%clk 00:23:43]} {[%emt 00:01:38]} Qe7 {[%clk 00:57:10]} {[%emt 00:00:48]}
30. Be3 {[%clk 00:18:19]} {[%emt 00:05:53]} cxd4 {[%clk 00:56:45]} {[%emt
00:00:55]} 31. cxd4 {[%clk 00:17:50]} {[%emt 00:00:59]} Nc4 {[%clk 00:57:04]}
{[%emt 00:00:11]} 32. Bb3 {[%clk 00:15:50]} {[%emt 00:02:31]} b5 {[%clk
00:54:40]} {[%emt 00:02:54]} 33. Bf4 {[%clk 00:13:46]} {[%emt 00:02:34]} g5
{[%clk 00:54:39]} {[%emt 00:00:31]} 34. Bg3 {[%clk 00:13:39]} {[%emt 00:00:36]}
Qb4 {[%clk 00:53:38]} {[%emt 00:01:31]} 35. Be1 {[%clk 00:11:40]} {[%emt
00:02:29]} Qa3 {[%clk 00:53:09]} {[%emt 00:00:59]} 36. Rc2 {[%clk 00:10:23]}
{[%emt 00:01:48]} Rd7 {[%clk 00:50:51]} {[%emt 00:02:49]} 37. Bxc4 {[%clk
00:09:25]} {[%emt 00:01:28]} bxc4 {[%clk 00:50:18]} {[%emt 00:01:02]} 38. Rxc4
{[%clk 00:09:40]} {[%emt 00:00:15]} Rcd8 {[%clk 00:50:22]} {[%emt 00:00:26]} 39.
Bb4 {[%clk 00:07:47]} {[%emt 00:02:22]} Qa6 {[%clk 00:49:55]} {[%emt 00:00:58]}
40. Bd6 {[%clk 00:06:45]} {[%emt 00:01:32]} Bf8 {[%clk 00:50:12]} {[%emt
00:00:13]} 41. Bxf8 {[%clk 00:06:49]} {[%emt 00:00:26]} Rxd4 {[%clk 00:48:24]}
{[%emt 00:02:18]} 42. Rcxd4 {[%clk 00:03:37]} {[%emt 00:03:43]} Rxd4 {[%clk
00:48:43]} {[%emt 00:00:10]} 43. Qh5 {[%clk 00:03:30]} {[%emt 00:00:37]} Rxd1+
{[%clk 00:47:23]} {[%emt 00:01:50]} 44. Qxd1 {[%clk 00:03:55]} {[%emt
00:00:05]} Kxf8 {[%clk 00:47:39]} {[%emt 00:00:14]} 45. Qd8+ {[%clk 00:03:52]}
{[%emt 00:00:33]} Kg7 {[%clk 00:48:01]} {[%emt 00:00:08]} 46. Qf6+ {[%clk
00:03:54]} {[%emt 00:00:28]} Kg8 {[%clk 00:48:25]} {[%emt 00:00:05]} 47. h4
{[%clk 00:03:25]} {[%emt 00:01:00]} Qc4 {[%clk 00:47:39]} {[%emt 00:01:16]} 48.
hxg5 {[%clk 00:02:33]} {[%emt 00:01:22]} Qc1+ {[%clk 00:47:47]} {[%emt
00:00:22]} 49. Kh2 {[%clk 00:02:58]} {[%emt 00:00:05]} hxg5 {[%clk 00:47:42]}
{[%emt 00:00:35]} 50. Qd8+ {[%clk 00:02:37]} {[%emt 00:00:51]} Kh7 {[%clk
00:47:58]} {[%emt 00:00:13]} 51. Qf6 {[%clk 00:02:50]} {[%emt 00:00:17]} Kg8
{[%clk 00:38:46]} {[%emt 00:09:43]} 52. Qd8+ {[%clk 00:02:52]} {[%emt
00:00:28]} Kh7 {[%clk 00:37:24]} {[%emt 00:01:52]} 53. Qf6 {[%clk 00:03:02]}
{[%emt 00:00:20]} Kg8 {[%clk 00:37:38]} {[%emt 00:00:16]} 54. Qd8+ {[%clk
00:03:11]} {[%emt 00:00:20]}  1/2-1/2

[Event "2nd Easter 4NCL Congress"]
[Site "Daventry"]
[Date "2022.04.16"]
[Round "3"]
[Board "23"]
[White "Gardiner, Eric D"]
[Black "Chen, Daniel Xingyu"]
[Result "1/2-1/2"]
[WhiteElo "2063"]
[BlackElo "1831"]
[PlyCount "0"]
[EventDate "2022.04.15"]
[EventRounds "7"]
[EventCountry "ENG"]

1. e4 {[%clk 01:30:54]} {[%emt 00:00:06]} c5 {[%clk 01:30:54]} {[%emt
00:00:06]} 2. c3 {[%clk 01:31:17]} {[%emt 00:00:07]} d5 {[%clk 01:31:10]}
{[%emt 00:00:14]} 3. exd5 {[%clk 01:31:40]} {[%emt 00:00:07]} Qxd5 {[%clk
01:31:33]} {[%emt 00:00:08]} 4. d4 {[%clk 01:32:03]} {[%emt 00:00:07]} Nf6
{[%clk 01:31:51]} {[%emt 00:00:11]} 5. Nf3 {[%clk 01:32:08]} {[%emt 00:00:24]}
Bg4 {[%clk 01:32:10]} {[%emt 00:00:11]} 6. Be2 {[%clk 01:31:24]} {[%emt
00:01:14]} e6 {[%clk 01:32:18]} {[%emt 00:00:23]} 7. h3 {[%clk 01:29:35]}
{[%emt 00:02:19]} Bh5 {[%clk 01:28:59]} {[%emt 00:03:50]} 8. c4 {[%clk
01:29:33]} {[%emt 00:00:31]} Qd8 {[%clk 01:27:32]} {[%emt 00:01:55]} 9. Nc3
{[%clk 01:28:49]} {[%emt 00:01:16]} cxd4 {[%clk 01:15:20]} {[%emt 00:12:42]} 10.
Qxd4 {[%clk 01:26:18]} {[%emt 00:03:00]} Qxd4 {[%clk 01:13:20]} {[%emt
00:02:31]} 11. Nxd4 {[%clk 01:26:41]} {[%emt 00:00:07]} Bxe2 {[%clk 01:13:15]}
{[%emt 00:00:36]} 12. Kxe2 {[%clk 01:26:31]} {[%emt 00:00:39]} a6 {[%clk
01:10:07]} {[%emt 00:03:39]} 13. Rd1 {[%clk 01:23:14]} {[%emt 00:03:46]} Bc5
{[%clk 01:06:42]} {[%emt 00:03:55]} 14. Be3 {[%clk 01:22:01]} {[%emt 00:01:43]}
Nbd7 {[%clk 01:05:57]} {[%emt 00:01:15]} 15. a3 {[%clk 01:20:09]} {[%emt
00:02:22]} O-O {[%clk 01:04:17]} {[%emt 00:02:10]} 16. b4 {[%clk 01:19:15]}
{[%emt 00:01:24]} Ba7 {[%clk 01:03:43]} {[%emt 00:01:04]} 17. c5 {[%clk
00:57:58]} {[%emt 00:21:48]} Rfd8 {[%clk 01:02:04]} {[%emt 00:02:09]} 18. Nb3
{[%clk 00:50:43]} {[%emt 00:07:45]} b6 {[%clk 00:51:14]} {[%emt 00:11:20]} 19.
cxb6 {[%clk 00:39:41]} {[%emt 00:11:33]} Bxb6 {[%clk 00:45:36]} {[%emt
00:06:06]} 20. Bxb6 {[%clk 00:39:36]} {[%emt 00:00:35]} Nxb6 {[%clk 00:45:58]}
{[%emt 00:00:08]} 21. Rxd8+ {[%clk 00:37:07]} {[%emt 00:02:59]} Rxd8 {[%clk
00:46:13]} {[%emt 00:00:15]} 22. Nc5 {[%clk 00:33:16]} {[%emt 00:04:21]} Ra8
{[%clk 00:35:18]} {[%emt 00:11:26]} 23. Rd1 {[%clk 00:23:22]} {[%emt 00:10:23]}
Nfd5 {[%clk 00:34:13]} {[%emt 00:01:35]} 24. Nxd5 {[%clk 00:22:02]} {[%emt
00:01:50]} Nxd5 {[%clk 00:34:32]} {[%emt 00:00:11]} 25. Rc1 {[%clk 00:17:37]}
{[%emt 00:04:54]} Kf8 {[%clk 00:33:49]} {[%emt 00:01:14]} 26. Nb3 {[%clk
00:15:20]} {[%emt 00:02:48]} Ke7 {[%clk 00:33:28]} {[%emt 00:00:51]} 27. g3
{[%clk 00:13:53]} {[%emt 00:01:57]} Kd7 {[%clk 00:28:38]} {[%emt 00:05:19]} 28.
Kd3 {[%clk 00:13:37]} {[%emt 00:00:46]} Kd6 {[%clk 00:27:42]} {[%emt 00:01:26]}
29. Na5 {[%clk 00:12:49]} {[%emt 00:01:18]} Ra7 {[%clk 00:25:10]} {[%emt
00:03:02]} 30. Nc4+ {[%clk 00:12:23]} {[%emt 00:00:55]} Ke7 {[%clk 00:22:46]}
{[%emt 00:02:55]} 31. Ne5 {[%clk 00:11:26]} {[%emt 00:01:26]} Kd6 {[%clk
00:13:40]} {[%emt 00:09:37]} 32. f4 {[%clk 00:11:11]} {[%emt 00:00:45]} f6
{[%clk 00:13:17]} {[%emt 00:00:54]} 33. Nc4+ {[%clk 00:11:27]} {[%emt
00:00:14]} Kd7 {[%clk 00:13:06]} {[%emt 00:00:41]} 34. Ne3 {[%clk 00:10:39]}
{[%emt 00:01:17]} Nxe3 {[%clk 00:09:15]} {[%emt 00:04:22]} 35. Kxe3 {[%clk
00:11:04]} {[%emt 00:00:04]} Rb7 {[%clk 00:07:31]} {[%emt 00:02:14]} 36. Rc5
{[%clk 00:10:58]} {[%emt 00:00:36]} Rb5 {[%clk 00:04:14]} {[%emt 00:03:47]} 37.
Kd4 {[%clk 00:08:23]} {[%emt 00:03:05]} Rb6 {[%clk 00:03:23]} {[%emt 00:01:22]}
38. g4 {[%clk 00:07:09]} {[%emt 00:01:43]} g6 {[%clk 00:02:59]} {[%emt
00:00:55]} 39. h4 {[%clk 00:05:49]} {[%emt 00:01:49]} Rd6+ {[%clk 00:02:40]}
{[%emt 00:00:49]} 40. Ke3 {[%clk 00:05:49]} {[%emt 00:00:30]} Rb6 {[%clk
00:02:37]} {[%emt 00:00:33]} 41. h5 {[%clk 00:05:53]} {[%emt 00:00:26]} Rd6
{[%clk 00:02:58]} {[%emt 00:00:09]} 42. hxg6 {[%clk 00:06:05]} {[%emt
00:00:18]} hxg6 {[%clk 00:03:22]} {[%emt 00:00:06]} 43. Rc1 {[%clk 00:05:56]}
{[%emt 00:00:39]} Rd5 {[%clk 00:02:23]} {[%emt 00:01:29]} 44. Rh1 {[%clk
00:04:48]} {[%emt 00:01:38]} e5 {[%clk 00:02:09]} {[%emt 00:00:44]} 45. Rh6
{[%clk 00:04:38]} {[%emt 00:00:39]} exf4+ {[%clk 00:02:01]} {[%emt 00:00:39]}
46. Kxf4 {[%clk 00:04:59]} {[%emt 00:00:09]} Rd4+ {[%clk 00:02:16]} {[%emt
00:00:15]} 47. Kf3 {[%clk 00:05:03]} {[%emt 00:00:26]} Rd3+ {[%clk 00:02:38]}
{[%emt 00:00:08]} 48. Ke4 {[%clk 00:04:36]} {[%emt 00:00:57]} Rxa3 {[%clk
00:03:01]} {[%emt 00:00:08]} 49. Rxg6 {[%clk 00:04:53]} {[%emt 00:00:12]} Ke7
{[%clk 00:03:08]} {[%emt 00:00:24]} 50. Rg7+ {[%clk 00:04:30]} {[%emt
00:00:53]} Ke6 {[%clk 00:03:26]} {[%emt 00:00:13]} 51. Rb7 {[%clk 00:04:31]}
{[%emt 00:00:27]} Ra1 {[%clk 00:02:15]} {[%emt 00:01:42]} 52. Rb6+ {[%clk
00:04:48]} {[%emt 00:00:13]} Ke7 {[%clk 00:02:40]} {[%emt 00:00:04]} 53. Kf5
{[%clk 00:04:40]} {[%emt 00:00:38]} Rf1+ {[%clk 00:02:41]} {[%emt 00:00:29]} 54.
Ke4 {[%clk 00:03:19]} {[%emt 00:01:52]} Rg1 {[%clk 00:02:54]} {[%emt 00:00:17]}
55. Kf4 {[%clk 00:03:22]} {[%emt 00:00:26]} Rf1+ {[%clk 00:03:10]} {[%emt
00:00:15]} 56. Ke4 {[%clk 00:02:46]} {[%emt 00:01:05]} Rg1 {[%clk 00:03:32]}
{[%emt 00:00:09]} 57. Kf4 {[%clk 00:03:09]} {[%emt 00:00:07]} Rf1+ {[%clk
00:03:53]} {[%emt 00:00:08]} 58. Ke4 {[%clk 00:03:34]} {[%emt 00:00:06]}
 1/2-1/2

[Event "2nd Easter 4NCL Congress"]
[Site "Daventry"]
[Date "2022.04.16"]
[Round "3"]
[Board "24"]
[White "Cordova Lopez, Diego Anton"]
[Black "Miller, George I"]
[Result "1-0"]
[WhiteElo "1896"]
[BlackElo "1864"]
[PlyCount "0"]
[EventDate "2022.04.15"]
[EventRounds "7"]
[EventCountry "ENG"]

1. e4 {[%clk 01:30:57]} {[%emt 00:00:02]} c6 {[%clk 01:30:42]} {[%emt
00:00:18]} 2. Nf3 {[%clk 01:31:23]} {[%emt 00:00:05]} d5 {[%clk 01:31:04]}
{[%emt 00:00:08]} 3. Nc3 {[%clk 01:31:48]} {[%emt 00:00:05]} dxe4 {[%clk
01:31:31]} {[%emt 00:00:03]} 4. Nxe4 {[%clk 01:32:11]} {[%emt 00:00:07]} Nf6
{[%clk 01:31:55]} {[%emt 00:00:04]} 5. Qe2 {[%clk 01:32:38]} {[%emt 00:00:05]}
Nxe4 {[%clk 01:32:21]} {[%emt 00:00:04]} 6. Qxe4 {[%clk 01:33:00]} {[%emt
00:00:08]} Nd7 {[%clk 01:32:49]} {[%emt 00:00:02]} 7. Bc4 {[%clk 01:33:21]}
{[%emt 00:00:09]} Nf6 {[%clk 01:32:25]} {[%emt 00:00:53]} 8. Ne5 {[%clk
01:33:42]} {[%emt 00:00:10]} e6 {[%clk 01:32:30]} {[%emt 00:00:25]} 9. Qe2
{[%clk 01:34:09]} {[%emt 00:00:03]} Bd6 {[%clk 01:31:54]} {[%emt 00:01:04]} 10.
d4 {[%clk 01:34:15]} {[%emt 00:00:25]} Qc7 {[%clk 01:28:17]} {[%emt 00:04:06]}
11. Bf4 {[%clk 01:34:09]} {[%emt 00:00:38]} O-O {[%clk 01:27:28]} {[%emt
00:01:17]} 12. Bg3 {[%clk 01:29:17]} {[%emt 00:05:24]} Nd5 {[%clk 01:27:09]}
{[%emt 00:00:47]} 13. Bd3 {[%clk 01:28:15]} {[%emt 00:01:34]} f5 {[%clk
01:22:39]} {[%emt 00:05:00]} 14. c3 {[%clk 01:16:24]} {[%emt 00:12:21]} Bd7
{[%clk 01:21:47]} {[%emt 00:01:21]} 15. h4 {[%clk 01:01:22]} {[%emt 00:15:32]}
b5 {[%clk 01:17:53]} {[%emt 00:04:24]} 16. h5 {[%clk 01:00:37]} {[%emt
00:01:17]} f4 {[%clk 01:17:42]} {[%emt 00:00:39]} 17. h6 {[%clk 00:33:42]}
{[%emt 00:27:26]} Bxe5 {[%clk 01:14:33]} {[%emt 00:03:38]} 18. dxe5 {[%clk
00:27:20]} {[%emt 00:06:53]} g5 {[%clk 01:00:02]} {[%emt 00:15:00]} 19. Rh5
{[%clk 00:22:44]} {[%emt 00:05:07]} fxg3 {[%clk 00:57:12]} {[%emt 00:03:20]} 20.
Rxg5+ {[%emt 00:00:16]} Kf7 {[%clk 00:57:15]} {[%emt 00:00:15]} 21. Rg7+ {[%clk
00:17:39]} {[%emt 00:06:01]} Ke8 {[%clk 00:57:31]} {[%emt 00:00:13]} 22. fxg3
{[%clk 00:17:44]} {[%emt 00:00:25]} Qb6 {[%clk 00:55:47]} {[%emt 00:02:14]} 23.
Rd1 {[%clk 00:08:19]} {[%emt 00:09:55]} Qe3 {[%clk 00:52:30]} {[%emt 00:03:46]}
24. Bg6+ {[%clk 00:07:44]} {[%emt 00:01:05]} hxg6 {[%clk 00:51:57]} {[%emt
00:01:03]} 25. Qxe3 {[%clk 00:08:07]} {[%emt 00:00:09]} Nxe3 {[%clk 00:50:40]}
{[%emt 00:01:46]} 26. Rdxd7 {[%clk 00:08:16]} {[%emt 00:00:21]} Nxg2+ {[%clk
00:47:33]} {[%emt 00:03:37]} 27. Ke2 {[%clk 00:08:13]} {[%emt 00:00:33]} Nf4+
{[%clk 00:45:43]} {[%emt 00:02:20]} 28. gxf4 {[%clk 00:08:30]} {[%emt
00:00:14]} Rxf4 {[%clk 00:46:11]} {[%emt 00:00:02]} 29. h7 {[%clk 00:08:26]}
{[%emt 00:00:34]} Rh4 {[%clk 00:46:33]} {[%emt 00:00:04]} 30. Rde7+ {[%clk
00:07:16]} {[%emt 00:01:43]} Kf8 {[%clk 00:46:47]} {[%emt 00:00:15]} 31. Rgf7#
{[%clk 00:07:35]} {[%emt 00:00:12]}  1-0

[Event "2nd Easter 4NCL Congress"]
[Site "Daventry"]
[Date "2022.04.17"]
[Round "4"]
[Board "1"]
[White "Bin-Suhayl, Ieysaa"]
[Black "Gormally, Daniel W"]
[Result "0-1"]
[WhiteElo "2309"]
[BlackElo "2496"]
[PlyCount "0"]
[EventDate "2022.04.15"]
[EventRounds "7"]
[EventCountry "ENG"]

1. Nf3 {[%clk 01:30:27]} {[%emt 00:00:33]} Nf6 {[%clk 01:30:50]} {[%emt
00:00:10]} 2. c4 {[%clk 01:30:16]} {[%emt 00:00:41]} c6 {[%clk 01:31:14]}
{[%emt 00:00:06]} 3. d4 {[%clk 01:30:40]} {[%emt 00:00:06]} d5 {[%clk
01:31:40]} {[%emt 00:00:04]} 4. e3 {[%clk 01:31:07]} {[%emt 00:00:03]} a6
{[%clk 01:31:43]} {[%emt 00:00:27]} 5. Bd3 {[%clk 01:30:56]} {[%emt 00:00:42]}
dxc4 {[%clk 01:31:10]} {[%emt 00:01:03]} 6. Bxc4 {[%clk 01:31:21]} {[%emt
00:00:05]} e6 {[%clk 01:31:36]} {[%emt 00:00:04]} 7. O-O {[%clk 01:31:04]}
{[%emt 00:00:47]} b5 {[%clk 01:31:02]} {[%emt 00:01:03]} 8. Be2 {[%clk
01:29:31]} {[%emt 00:02:04]} Bb7 {[%clk 01:30:33]} {[%emt 00:00:59]} 9. a4
{[%clk 01:25:24]} {[%emt 00:04:36]} Nbd7 {[%clk 01:27:15]} {[%emt 00:03:48]} 10.
Qb3 {[%clk 01:19:07]} {[%emt 00:06:47]} Be7 {[%clk 01:19:45]} {[%emt 00:08:00]}
11. Rd1 {[%clk 01:10:57]} {[%emt 00:08:40]} O-O {[%clk 01:16:31]} {[%emt
00:03:44]} 12. Bd2 {[%clk 01:11:04]} {[%emt 00:00:23]} b4 {[%clk 01:12:05]}
{[%emt 00:04:56]} 13. Na3 {[%clk 00:55:29]} {[%emt 00:16:06]} a5 {[%clk
01:07:46]} {[%emt 00:04:49]} 14. Nc4 {[%clk 00:54:51]} {[%emt 00:01:08]} c5
{[%clk 01:08:10]} {[%emt 00:00:05]} 15. Nce5 {[%clk 00:33:22]} {[%emt
00:22:01]} cxd4 {[%clk 01:02:45]} {[%emt 00:05:54]} 16. exd4 {[%clk 00:33:10]}
{[%emt 00:00:42]} Bd5 {[%clk 00:55:17]} {[%emt 00:07:58]} 17. Qe3 {[%clk
00:29:26]} {[%emt 00:04:14]} Ne4 {[%clk 00:54:33]} {[%emt 00:01:14]} 18. Bb5
{[%clk 00:26:54]} {[%emt 00:03:03]} Nxd2 {[%clk 00:48:20]} {[%emt 00:06:42]} 19.
Qxd2 {[%clk 00:27:22]} {[%emt 00:00:03]} Nxe5 {[%clk 00:47:28]} {[%emt
00:01:21]} 20. Nxe5 {[%clk 00:27:25]} {[%emt 00:00:27]} Bd6 {[%clk 00:45:58]}
{[%emt 00:02:00]} 21. Rac1 {[%clk 00:23:50]} {[%emt 00:04:05]} Bxe5 {[%clk
00:42:00]} {[%emt 00:04:28]} 22. dxe5 {[%clk 00:24:06]} {[%emt 00:00:14]} Bb3
{[%clk 00:42:17]} {[%emt 00:00:13]} 23. Qxd8 {[%clk 00:24:05]} {[%emt
00:00:32]} Rfxd8 {[%clk 00:42:40]} {[%emt 00:00:06]} 24. Rd6 {[%clk 00:22:48]}
{[%emt 00:01:47]} Rac8 {[%clk 00:40:38]} {[%emt 00:02:32]} 25. Rcc6 {[%clk
00:22:20]} {[%emt 00:00:59]} Bd5 {[%clk 00:39:28]} {[%emt 00:01:39]} 26. Rc7
{[%clk 00:14:45]} {[%emt 00:08:06]} g5 {[%clk 00:39:11]} {[%emt 00:00:46]} 27.
Rxd8+ {[%clk 00:14:29]} {[%emt 00:00:47]} Rxd8 {[%clk 00:39:34]} {[%emt
00:00:07]} 28. Bd7 {[%clk 00:13:22]} {[%emt 00:01:36]} Kg7 {[%clk 00:30:58]}
{[%emt 00:09:06]} 29. g4 {[%clk 00:08:38]} {[%emt 00:05:15]} Kg6 {[%clk
00:29:08]} {[%emt 00:02:20]} 30. h3 {[%clk 00:08:02]} {[%emt 00:01:05]} h5
{[%clk 00:25:40]} {[%emt 00:03:58]} 31. gxh5+ {[%clk 00:05:40]} {[%emt
00:02:53]} Kxh5 {[%clk 00:26:04]} {[%emt 00:00:06]} 32. Kh2 {[%clk 00:05:34]}
{[%emt 00:00:35]} Kg6 {[%clk 00:24:43]} {[%emt 00:01:51]} 33. Kg3 {[%clk
00:06:03]} {[%emt 00:00:01]} Kf5 {[%clk 00:20:58]} {[%emt 00:04:15]} 34. Bb5
{[%clk 00:06:22]} {[%emt 00:00:11]} Rf8 {[%clk 00:18:06]} {[%emt 00:03:22]} 35.
Ra7 {[%clk 00:06:30]} {[%emt 00:00:22]} Kxe5 {[%clk 00:18:19]} {[%emt
00:00:18]} 36. Kg4 {[%clk 00:05:47]} {[%emt 00:01:12]} Kf6 {[%clk 00:14:42]}
{[%emt 00:04:07]} 37. Rxa5 {[%clk 00:05:45]} {[%emt 00:00:33]} Rc8 {[%clk
00:15:09]} {[%emt 00:00:03]} 38. h4 {[%clk 00:05:04]} {[%emt 00:01:11]} gxh4
{[%clk 00:15:32]} {[%emt 00:00:06]} 39. Kxh4 {[%clk 00:05:30]} {[%emt
00:00:04]} Rc2 {[%clk 00:15:23]} {[%emt 00:00:39]} 40. Kg3 {[%clk 00:05:53]}
{[%emt 00:00:08]} Rxb2 {[%clk 00:15:48]} {[%emt 00:00:04]} 41. Ra6 {[%clk
00:05:15]} {[%emt 00:01:08]} Rc2 {[%clk 00:15:22]} {[%emt 00:00:56]} 42. Rb6
{[%clk 00:05:06]} {[%emt 00:00:39]} b3 {[%clk 00:15:47]} {[%emt 00:00:05]} 43.
a5 {[%clk 00:03:52]} {[%emt 00:01:45]} b2 {[%clk 00:15:40]} {[%emt 00:00:35]}
44. Ba4 {[%clk 00:04:15]} {[%emt 00:00:08]} Rc3+ {[%clk 00:15:58]} {[%emt
00:00:13]} 45. Kh2 {[%clk 00:04:42]} {[%emt 00:00:03]} Bb3 {[%clk 00:15:26]}
{[%emt 00:01:01]}  0-1